[Event "Vidmar Memorial 13th"]
[Site "Portoroz"]
[Date "1999.06.15"]
[Round "3"]
[White "Aronian, Levon"]
[Black "Stohl, Igor"]
[Result "1/2-1/2"]
[WhiteElo "2502"]
[BlackElo "2573"]
[Annotator "Ribli,Z"]
[PlyCount "84"]
[EventDate "1999.06.??"]
[EventType "tourn"]
[EventRounds "10"]
[EventCountry "SLO"]
[EventCategory "14"]
[SourceTitle "CBM 072"]
[Source "ChessBase"]
[SourceDate "1999.10.01"]
[SourceVersion "1"]
[SourceVersionDate "1999.10.01"]
[SourceQuality "1"]

{[%mdl 2112]} 1. g3 g6 2. Bg2 Bg7 3. c4 c5 4. Nc3 Nc6 5. a3 e6 {Schwarz ist
nicht zufrieden mit völliger Symmetrie und strebt kompliziertes Spiel an.
Meines Erachtens reicht die Alternative 5...a6 aus, das Gleichgewicht zu
wahren. Ribli.} (5... a6 6. Rb1 Rb8 7. b4 cxb4 8. axb4 b5 $11) 6. e4 {[%csl
Yd4] Weiss schwächt das Feld d4, um Kontrolle über d5 zu erlangen. Die
Alternativen 6.Rb1 oder 6.b4!? erscheinen mir logischer.} Nge7 7. Nge2 d6 8.
O-O O-O 9. Rb1 {[%cal Gb2b4]} b6 (9... Nd4 10. b4 b6 11. e5 $5 d5 12. f4 Nxe2+
13. Qxe2 Ba6 14. d3 {1/2-1/2 Glek,I-Rustemov,A/Russia (ch) 1995/Inf 65/[Glek,I]
(56)}) (9... a5 10. b3 $11) 10. d3 Bb7 11. b4 Qd7 {Schwarz hat keine
Eröffnungsprobleme. Er ist harmonisch entwickelt.} (11... Nd4 12. Be3 Qd7 13.
Qd2 Rad8 14. Nf4 Nec6 15. h3 Rde8 16. Nfe2 f5 {1/2-1/2 Chantsev,C-Folc,Y/
Vladivostok 1990/EXT 97 (41)}) 12. h4 $6 {In einigen Varianten möchte Weiss
h4-h5 ziehen, aber die Partiefortsetzung schwächt die weisse Königsstellung.
Es wäre besser, mit 12.Be3 die Entwicklung zu beenden.} (12. Be3 Nd4 13. Qd2
Rfd8 14. f4 f5 15. Bf2 Rac8 16. Rfc1 Ba8 17. Qa2 Kh8 18. Nxd4 cxd4 19. Ne2 e5
20. Be1 fxe4 21. dxe4 Ng8 22. Qb3 Nf6 23. Qd3 Re8 {0-1 Kopal,J-Akesson,R/
Aaland-Stockholm 1997/EXT 98 (37)}) 12... h6 13. Bd2 (13. h5 g5 $13 (13... gxh5
$5)) 13... Rad8 14. b5 Ne5 {[%csl Rd3][%cal Re5d3]} (14... Na5 15. Nf4 $11 {
[%csl Ra5][%cal Gc3e2] Weiss hat keinen Vorteil, aber der Springer steht
unglücklich auf a5.}) 15. Nf4 f5 $15 {[%csl Yd4][%cal Gb7g2,Gg7c3] Schwarz hat
eine elastische Stellung. Seine Läufer stehen gut in den langen Diagonalen und
er hat die Initiative am Königsflügel.} 16. exf5 $6 {Dieser Zug hilft nur dem
Gegner.} (16. Qe2 Rf7 $15 {[%cal Gd8f8,Gf8f1]}) 16... Nxf5 {[%csl Yd4][%cal
Gf5d4]} 17. Ne4 (17. Nxe6 $2 Bxg2 18. Nxf8 Qb7 19. Ne6 Nf3+ 20. Kxg2 N3xh4+ 21.
Kh3 Qg2+ $19 22. Kg4 h5+ 23. Kf4 Nxg3 24. fxg3 Bh6+ 25. Ng5 Rf8+ 26. Ke3 Bxg5+
27. Rf4 Nf5#) 17... d5 {Jetzt ist der schwarze Vorteil klar.} 18. cxd5 exd5 {
Schwarz steht ausgezeichnet im Zentrum und entfaltet besseres Figurenspiel,
während die weisse Stellung viele Schwächen aufweist.} 19. Nc3 {[%cal Rc3d5,
Rf4d5,Rg2d5]} Qf7 {[%cal Gf7d5]} 20. Kh1 (20. Re1 Nd4 $17 {[%cal Gg6g5,Gf8f2]})
20... g5 {Nach diesem Zug muss der f4-Springer weichen.} 21. Nh3 (21. hxg5 hxg5
22. Nh3 g4 $17) (21. Nh5 Nxd3 $17) 21... g4 {Positionell gespielt. Schwarz
beschäftigt sich nicht mit dem Bauerngewinn, sondern spielt auf das Feld f3.} (
21... gxh4 22. g4 Nd4 $17) 22. Nf4 Nd4 $17 {[%csl Yf3][%cal Gd4f3,Ge5f3]
Schwarz kontrolliert stark das Feld f3, während es dem Weissen an Gegenspiel
mangelt.} 23. Re1 Nef3 {[%csl Gf3]} 24. Re3 Nxh4 (24... Nxd2 $5 25. Qxd2 Nf5
26. Re2 Nxh4 $19) 25. Qxg4 $8 (25. gxh4 Qxf4 26. Re7 Qf6 {[%cal Rf6e7,Rf6h4]}
27. Rxb7 Qxh4+ 28. Kg1 Qxf2+ 29. Kh1 Qh4+ 30. Kg1 Nf3+ 31. Bxf3 Bd4+ $19) 25...
Nxg2 {Mit diesem Zug bekommt Schwarz das Läuferpaar und kann seinen Angriff
fortsetzen..} 26. Kxg2 Nf5 $6 {Nach dem Textzug hat Schwarz auch gute Chancen,
aber mit 26...Nb3 wäre die Partie sofort entscheiden.} (26... Nb3 $5 27. Rxb3 (
27. Re2 Nxd2 28. Rxd2 Bc8 29. Qg6 Qxg6 30. Nxg6 Bxc3 $19) 27... d4+ {[%cal
Rd4e3,Rd4c3,Rf7b3,Rb7g2]} 28. Ne4 dxe3 $19) 27. Ree1 Kh7 {[%cal Gf8g8,Gg8g2]}
28. Kg1 {Weiss meidet die lange Diagonale.} Rg8 {[%cal Gg8g1]} 29. Qh5 {
Weiss möchte die Damen tauschen.} (29. Qh3 Nd4 $17) 29... Qxh5 30. Nxh5 Bd4 {
[%csl Rg1][%cal Rf5g3]} (30... Nh4 $5 {[%csl Gh4][%cal Rh4f3,Rf3e1,Rf3d2,Rf3g1,
Gg8g1]} 31. Re7 (31. gxh4 Bxc3+ $19) 31... Nf3+ 32. Kg2 Nxd2 33. Rxb7 Nxb1 $19)
31. Ne2 Bh8 32. Nef4 $15 {Die weisse Stellung ist nicht schön, aber besser als
vorher. Er hat viele positionelle Schwächen, aber es gibt keine konkreten
Gefahren.} Rge8 33. Ne6 Rc8 34. Kf1 (34. Nhf4 $15) 34... c4 {[%cal Gc4c3,Gc3c2]
} 35. g4 Nh4 (35... Nd6 36. Bf4 $13) 36. Nf8+ $5 Kg8 (36... Rxf8 37. Re7+ {
[%cal Re7b7,Re7h7]} Kg6 38. Rxb7 Nf3 39. Bb4 Rf7 $15) 37. Nd7 {[%cal Rh5f6,
Rd7f6,Rf6g8,Rf6e8]} Nf3 $17 38. Rxe8+ Rxe8 39. Rd1 (39. Nhf6+ Kf7 40. Bc3 Rc8
$19 {[%csl Rc3,Rd7,Rf6][%cal Gf3d2,Gd2e1,Gd2b1,Rc4d3,Rc8c3] Die weissen
Leichtfiguren sind überlastet.}) 39... c3 $2 $138 (39... Rd8 40. Ndf6+ (40.
Nhf6+ Kf7 $19 {[%csl Rd7,Rf6]}) 40... Kf7 41. g5 hxg5 42. Ng4 c3 $19) 40. Ndf6+
{[%cal Rf6e8,Rf6g8]} Bxf6 (40... Kf7 41. Bxc3) 41. Nxf6+ Kf7 42. Bxc3 {Endlich
hat Weiss einen Bauern gewonnen, aber die schwarze Stellung ist aktiv genug,
um das zu kompensieren.} Re6 {Und hier wurde Remis gegeben. Schwarz kann den
Bauern mit ungefähr gleicher Stellung zurückgewinnen.} (42... Re6 43. Nh5 (43.
Rc1 $2 d4 $19 (43... Rxf6 44. Bxf6 Kxf6 45. Rc7 $18)) 43... Nh2+ (43... Rg6 $5
{[%csl Rg4][%cal Rg6g4]}) 44. Kg2 Nxg4 45. Bd4 $11) 1/2-1/2

[Event "NED-ch54"]
[Site "Rotterdam "]
[Date "1999.05.30"]
[Round "2"]
[White "Van Wely, Loek"]
[Black "Janssen, Ruud"]
[Result "1-0"]
[WhiteElo "2632"]
[BlackElo "2445"]
[Annotator "Ribli,Z"]
[PlyCount "121"]
[EventDate "1999.05.29"]
[EventType "tourn"]
[EventRounds "11"]
[EventCountry "NED"]
[EventCategory "12"]
[SourceTitle "CBM 072"]
[Source "ChessBase"]
[SourceDate "1999.10.01"]
[SourceVersion "1"]
[SourceVersionDate "1999.10.01"]
[SourceQuality "1"]

{[%mdl 4128]} 1. Nf3 c5 2. c4 Nc6 3. Nc3 {Statt der Partiefortsetzung kann
Weiss mit 3.d4 den Springerzug 3...Sd4 verhindern. Ribli.} Nd4 4. Ng1 {Eine
sonderbare Fortsetzung, aber Weiss möchte nicht die Springer tauschen. Es
scheint, er hätte ein Tempo verloren, aber mit folgendem e2-e3 holt er es sich
zurück.} e5 {Schwarz hat keine Angst vor der Schwächung des Feldes d5, aber
meines Erachtens sollte er anders fortsetzen.} (4... e6 5. g3 {N} (5. e3 Nf5 $6
6. Nf3 Nf6 7. d4 $6 cxd4 8. exd4 Bb4 9. Bd3 O-O 10. O-O b6 $6 (10... d5 $5 11.
cxd5 exd5 $13) 11. Ne2 $1 {1/2-1/2 Kasparov,G-Speelman,J/Linares 1991/Inf 51/
[Kasparov,G] (50)}) 5... Nf6 6. Bg2 d5 7. cxd5 exd5 8. e3 Qe7 9. Nge2 Nxe2 10.
Qxe2 d4 11. exd4 cxd4 12. Nb5 Qxe2+ 13. Kxe2 d3+ $5 14. Kxd3 Bf5+ 15. Ke2 O-O-O
16. d4 a6 17. Nc3 Rxd4 18. Be3 Rd8 19. Rhd1 Bb4 20. Rac1 Kb8 $11 {Nogueiras,
J-Xu,Y/Luzern 1993/Inf 59 (20)}) (4... Nc6 5. g3) 5. e3 Nc6 6. g3 {[%csl Yd5]
[%cal Gf1g2,Gg2d5,Gc3d5] Das weisse Spiel ist klar. Das Feld d5 ist eine
dauerhafte Schwäche.} g6 7. Bg2 Bg7 8. Nge2 Nge7 {Der Springer steht auf e7
viel elastischer als auf f6. Eine ähnliche Stellung entsteht aus 1.c4 c5 2.Nc3
Nc6 3.g3 g6 4.Bg2 Bg7 5.Nf3 e5 und auch hier spielt Schwarz ...Nge7, aber der
weisse Springer steht hier schon weniger elastisch auf f3.} 9. O-O O-O 10. a3 {
[%cal Ga1b1,Gb2b4] Weiss bereitet den Plan b2-b4 vor und wenn Schwarz ihn
verhindern möchte, muss er das Feld b5 schwächen.} d6 11. Rb1 a5 {[%csl Yb5,
Yd5] Es gibt schon zwei schere Felderschwächen im schwarzen Lage, aber sie
sind nicht leicht auszunutzen.} 12. d3 Rb8 13. b3 Be6 14. Nd5 {[%csl Gd5] Ein
typischer Zug. Weiss muss den Ausgleichszug 14...d5 verhindern.} (14. Bb2 $6 d5
15. cxd5 Nxd5 $11) 14... b5 (14... b6 $5 15. Nec3 $14) 15. Bb2 (15. cxb5 Rxb5 (
15... Bxd5 16. Bxd5 Nxd5 17. bxc6 Ne7 $11) 16. Nec3 Rb8 $11) 15... Qd7 (15...
bxc4 16. dxc4 $14 {[%csl Gd5,Rd6][%cal Gd1d6]}) 16. Qd2 b4 {Jetzt oder später
muss Schwarz den Damenflügel schließen, ansonsten überführt Weiss den zweiten
Springer über c3 nach b5.} 17. a4 Nf5 (17... f5) (17... Bxd5 18. cxd5 Nd8 19.
f4 $14 {Weiss hat Raumvorteil und Initiative am Königsflügel.}) 18. f4 $14 {
Weiss hat eine gesunde Stellung und Initiative am Königsflügel. Er
kontrolliert das Feld d5 stark.} h5 (18... exf4 $6 19. Nexf4 $14 {[%csl Yf6]})
19. e4 $5 {Eine schwere Entscheidung. Weiss gibt die Kontrolle über das Feld
d4 auf, aber er verfolgt andere Ideen. Sein f-Bauer wird stark.} Nfd4 (19...
Nfe7 20. f5 $16 {[%cal Gf1f8]}) 20. Bxd4 $1 Nxd4 (20... exd4 21. f5 Bxd5 22.
exd5 Ne5 23. Be4 $14 {[%csl Ge4]}) 21. Nxd4 exd4 22. f5 $36 {Weiss hat freie
Hand am Königsflügel. Schwarz kann sich keine Hoffnung auf aktives Gegenspiel
machen.} Bxd5 23. exd5 {[%cal Gg2e4,Ge4g6]} Kh7 {[%cal Gg7h6,Gh6d2]} 24. Be4 {
[%csl Ge4] Der weisse Läufer steht ausgezeichnet auf e4.} Bh6 25. Qe2 Rbe8 (
25... Be3+ 26. Kg2 Kg7 {Die weisse Drohung war 27.fxg6 fxg6 28.Qxh5+.} 27. Rf3
$14) 26. Rf3 Re5 (26... Be3+ 27. Kg2 $14 (27. Rxe3 dxe3 28. fxg6+ fxg6 29.
Qxh5+ Kg8 30. Qxg6+ Qg7 31. Qxd6 (31. Qxg7+ Kxg7 32. Re1 Rf2 $17 {[%cal Gf2b2,
Gb2b3]}) 31... e2 $36)) 27. Rbf1 {[%cal Gf1f8] Die weissen Türme stehen stark
in der f-Linie.} Kg8 28. Qg2 (28. fxg6 f5 (28... fxg6 $2 29. Rxf8+ Bxf8 30. Qf3
$18 {[%cal Rf1f8,Re4g6]}) 29. g7 Kxg7 (29... Bxg7 30. Qf2 Bh6 31. Kh1 Be3 32.
Qg2) 30. Qg2 $13) 28... g5 (28... Be3+ 29. Kh1 g5 30. f6 g4 31. Rf5 $16) 29. f6
{[%csl Ge4]} Rfe8 (29... g4 30. Rf5 $16) 30. Bf5 Qd8 31. Qh3 {[%cal Rh3h5]} g4
(31... h4 32. gxh4 $16 (32. Qg4 {[%cal Rg4h5]})) (31... Qxf6 32. Bh7+ $18 {
[%cal Rh7g8,Rf3f6]}) 32. Qxh5 Qxf6 (32... gxf3 33. Qxh6 $18 {[%csl Rg8][%cal
Rh6g7]}) 33. Qxg4+ $16 {Weiss hat einen Bauern gewonnen und eine starke
Angriffsstellung.} Qg5 (33... Kf8 34. Be6 $18 {[%csl Rf8][%cal Rf1f7]}) 34.
Qxg5+ Bxg5 35. Be4 {[%csl Rf7][%cal Rf1f7]} Rf8 36. Kg2 {Die Anwesenheit der
ungleichfarbigen Läufer hilft dem Weissen.} Kg7 37. h4 Be7 (37... Be3 38. g4
$16) 38. Kh3 Bd8 39. g4 {Stufenweise verbessert Weiss seine Stellung, während
Schwarz nur warten kann.} Be7 40. g5 Bd8 41. g6 f6 (41... f5 42. Rxf5 (42. Bxf5
$18) 42... Rexf5 43. Rxf5 Rxf5 44. Bxf5 $18) 42. Rf5 Rxf5 (42... Rfe8 43. Kg4
$18) 43. Bxf5 Re8 44. Be4 Rh8 {[%cal Gd8h4,Gh8h4]} 45. Rf4 {[%cal Gf4h4]} (45.
Kg4 f5+ 46. Rxf5 Rxh4+ 47. Kg3 Bf6 48. Rxf6 Rxe4 49. Rxd6 $18) 45... f5 {
Schwarz opfert auf der Suche nach etwas Gegenspiel einen weiteren Bauern.
Dieses Opfer hilft nicht, aber guter Rat ist schon teuer.} 46. Bxf5 Bg5 47. Rg4
(47. Re4 $16) 47... Bf6 48. Re4 Rh5 (48... Be5 49. Kg4 $18) 49. Bd7 Rh8 50. Be6
Rh5 (50... Kxg6 51. Rg4+ Kh6 52. Bf7 (52. Bf5 Rf8 53. Rg6+ Kh5) 52... Be5 53.
Rg6+ Kh7 54. Re6 $16) 51. Bf7 Rh6 52. Kg3 Rh8 53. Re6 {Weiss opfert den
h4-Bauern. Die Aktivität der weissen Figuren entscheidet die Partie.} Rh6 (
53... Bxh4+ 54. Kg4 $18 {[%csl Rd6][%cal Re6d6]}) (53... Be5+ 54. Kg4 $18) 54.
Kg2 {Weiss muss das Motiv ...Be5+ vermeiden.} (54. Rxd6 Be5+ $19 {[%cal Re5d6,
Re5g3]}) 54... Rxh4 55. Rxd6 $18 {[%csl Gd5] Mit zwei Mehrbauern steht Weiss
auf Gewinn.} Rh2+ {Schwarz versucht die schwere Stellung im Läuferendspiel zu
retten.} 56. Kxh2 Be5+ {[%cal Re5h2,Re5d6]} 57. Kg2 Bxd6 58. Kf3 {Das
Eindringen des Königs entscheidet die Partie.} Kf6 59. Ke4 $22 {Weiss hat
selbst keine Drohung, aber Schwarz verliert wegen Zugzwangs.} Bf8 (59... Kg7
60. Kf5 $18 {[%cal Rf5e6,Re6d6]}) 60. d6 $1 {[%cal Ge4d5,Gd5c6]} Bxd6 61. Kd5 {
Schwarz gab auf, denn er verliert Bauern am Damenflügel.} (61. Kd5 Bc7 (61...
Bf8 62. Kc6 Be7 63. Kb6 Bd8+ 64. Kxc5 $18) 62. Kxc5 $18) 1-0

[Event "POL-ch 62nd"]
[Site "Poznan"]
[Date "2005.04.30"]
[Round "9"]
[White "Markowski, Tomasz"]
[Black "Socko, Bartosz"]
[Result "0-1"]
[WhiteElo "2560"]
[BlackElo "2583"]
[Annotator "Ribli,Z"]
[PlyCount "76"]
[EventDate "2005.04.21"]
[EventType "tourn"]
[EventRounds "13"]
[EventCountry "POL"]
[EventCategory "12"]
[SourceTitle "CBM 107"]
[Source "ChessBase"]
[SourceDate "2005.08.01"]
[SourceVersion "1"]
[SourceVersionDate "2005.08.01"]
[SourceQuality "1"]

1. g3 c5 2. Bg2 Nc6 3. c4 g6 4. Nc3 Bg7 5. e3 d6 {Schwarz möchte dem
symmetrischen Aufbau ausweichen.} 6. Nge2 e5 {Mit diesem Zug schwächt Schwarz
das Feld d5, aber er verstärkt seine Kontrolle über d4.} 7. d3 h5 (7... Be6 8.
Nd5 (8. a3 Nf6 9. Nd5 O-O 10. Nec3 Qd7 11. h3 (11. O-O $1) 11... Rab8 12. Rb1
Rfc8 13. b4 cxb4 14. axb4 b5 15. Nxf6+ Bxf6 16. cxb5 Nxb4 {0-1 Szabo,
L-Kortchnoi,V/Leningrad 1967/(84)}) 8... Qd7 9. Nec3 f5 10. a3 Nf6 11. Rb1 O-O
12. O-O Rae8 13. b4 cxb4 14. axb4 e4 15. Qb3 {1-0 Peyrat,O-Berend,F/Clichy
1997/EXT 99 (60)}) 8. h3 (8. h4 Nge7 9. a3 Bg4 10. Rb1 a5 11. Qc2 Qd7 12. Nd5
Rb8 13. Nec3 O-O 14. Bd2 Rfe8 15. Qa4 b6 16. O-O Nxd5 17. cxd5 Ne7 18. Qxd7
Bxd7 19. a4 {1/2-1/2 Gonzalez Ochoa,J-Mellado Trivino,J/Barcelona 1997/EXT 99 
(59)}) 8... Be6 (8... Nge7 9. O-O O-O 10. a3 Rb8 11. Rb1 a6 12. b4 cxb4 13.
axb4 b5 14. cxb5 axb5 15. Nd5 Nxd5 16. Bxd5 Ne7 17. Bg2 Be6 {1/2-1/2 Sumiacher,
C-Browne,W/Mar del Plata 1971/MCD (53)}) 9. Qd2 (9. O-O Qd7 10. Kh2 (10. Nd5)
10... h4 11. g4 f5 $13) (9. b3 Qd7 10. Bb2 Nge7 11. Nd5 $11) 9... Qd7 {[%cal
Gd7h3] Das ist ein typischer Plan für Schwarz in dieser Variante - die
Batterie e6B-d7Q läßt Weiß nicht kurz rochieren wegen der Schwächung des
h3-Bauern.} 10. b3 Nge7 11. Nd5 {Mit diesem Springerzug verhindert Weiß die
Möglichkeit d6-d5.} (11. Bb2 d5 $132) 11... Rb8 (11... h4 12. g4 f5 $13) (11...
O-O-O $13) 12. Bb2 O-O $11 {Schwarz hat eine bequeme, gleiche Stellung. Das
Feld d5 ist nur scheinbar schlecht in seiner Stellung, wohingegen Weiß nicht
kurz rochieren kann, da dann der P.h3 fällt.} 13. Rd1 (13. Nec3 a6 {[%cal
Gb7b5]} 14. O-O-O b5 $13) 13... b5 (13... Bxd5 14. cxd5 Nb4 15. Nc3 b5 16. O-O
$14) 14. Nxe7+ (14. h4 f5 15. O-O $11) 14... Nxe7 15. cxb5 Rxb5 16. d4 $6 {
Eine ambitionierte Fortsetzung: Weiß sprengt die Zentrumstellung, aber das
bietet Schwarz ausgezeichnete Chancen.} (16. Nc3 Rbb8 17. Ne4 f5 18. Ng5 Bd5
$11) 16... exd4 (16... cxd4 17. exd4 Bd5 $11) 17. exd4 c4 18. Nc3 (18. d5 Bxd5
19. Bxg7 Kxg7 20. Qc3+ Kg8 21. Bxd5 Nxd5 22. Qxc4 Rc5 $15) 18... Rbb8 19. d5
Bf5 $15 {[%mdl 2048] Schwarz hat ausgezeichnetes Figurenspiel, da der weiße
König in der Mitte steht .} 20. bxc4 Rfc8 {[%csl Rc4][%cal Gb8b2,Gc8c4]
Schwarz besitzt positionellen Druck am Damenflügel; Weiß kann seinen c4-Bauern
nicht verteidigen.} 21. Ba1 Rxc4 22. O-O Bxh3 23. Bxh3 Qxh3 $17 {[%csl Rg1]
[%cal Gh5h4]} 24. Qe2 Rbb4 $1 (24... Rc7 25. Nb5 $11) (24... Rbc8 25. Qxe7 Bxc3
26. Bxc3 Rxc3 27. Rb1 (27. Qxd6 $1 h4 $19) 27... h4 28. Rb7 Qf5 29. Qxh4 Rc1
$17) 25. Qxe7 Rh4 $1 {[%mdl 64] Dieser schöner Zug bietet Schwarz dauerhaften
Angriff und mindestens Dauerschach.} 26. Qxh4 Rxh4 27. gxh4 Qg4+ (27... Be5 28.
f4 Bxc3 29. Bxc3 Qxc3 $17) 28. Kh1 Qxh4+ 29. Kg2 Qg4+ 30. Kh2 (30. Kh1 Qf3+ 31.
Kg1 h4 $19) 30... Qf3 {[%cal Rg7e5,Re5h2]} (30... Be5+ 31. f4 Bxf4+ 32. Rxf4
Qxf4+ 33. Kg2 h4 $19) 31. Nb5 Bh6 32. Rd4 Bf4+ 33. Rxf4 Qxf4+ 34. Kg2 Qg4+ 35.
Kh2 Qe2 $19 {[%csl Ge2][%cal Re2f1,Re2b5,Re2f2] Weiß hat Turm und zwei
Leichtfiguren gegen Dame und zwei Bauern, aber mit dem Textzug gewinnt Schwarz
weiteres Material.} 36. Rb1 Qxf2+ 37. Kh1 Kh7 (37... g5 $19) 38. Nc3 g5 {
[%csl Gf2,Gg5,Gh5][%cal Gg5g4,Gh5h4]} 0-1

[Event "Interpolis"]
[Site "Tilburg"]
[Date "1992.10.14"]
[Round "3.1"]
[White "Kosten, Anthony C"]
[Black "Smirin, Ilia"]
[Result "1/2-1/2"]
[WhiteElo "2515"]
[BlackElo "2555"]
[Annotator "Ribli,Z"]
[PlyCount "141"]
[EventDate "1992.10.08"]
[EventType "k.o."]
[EventRounds "7"]
[EventCountry "NED"]
[SourceTitle "CBM 032"]
[Source "ChessBase"]
[SourceDate "1993.02.01"]
[SourceVersion "1"]
[SourceVersionDate "1993.02.01"]
[SourceQuality "1"]

1. c4 g6 2. Nc3 Bg7 3. g3 Nf6 4. Bg2 O-O 5. e4 c5 6. Nge2 Nc6 7. d3 a6 $6 (7...
Ne8 $5 8. O-O Nc7 9. f4 Rb8 10. Rb1 b5 11. Be3 bxc4 12. dxc4 Ne6 13. b3 Ned4
14. e5 d6 15. Na4 Bd7 $13 {Zhuravlev,V-Ovseevich,S URS-chJ Jurmala 1992 EXP/28}
) 8. O-O d6 9. Rb1 Bg4 (9... Rb8 10. a4 Bd7 11. h3 Ne8 12. Be3 Nc7 13. d4 cxd4
14. Nxd4 Re8 15. f4 Qc8 16. Kh2 Na5 17. b3 b5 $13 {Ong Chong Ghee-Livsihts,R
Oakham 1992 CBM/30}) 10. f3 Bd7 11. a4 (11. Be3 b5 $1 $13) 11... Ne8 12. Be3
Nc7 13. d4 cxd4 14. Nxd4 Nxd4 15. Bxd4 Bxd4+ 16. Qxd4 b5 $13 17. b4 Ne6 (17...
bxa4 18. Ra1 Rb8 19. Rfb1 $14) 18. Qe3 (18. Qd3 bxa4 $15) 18... bxc4 19. f4 Bc6
20. f5 Ng7 21. g4 Rc8 22. Rf3 f6 23. Qh6 gxf5 24. gxf5 (24. Rh3 fxg4 25. Qxh7+
Kf7 26. Rh6 Rh8 27. Qg6+ Kg8 $13) 24... Rf7 25. Kh1 Kh8 26. Rh3 (26. Rg1 $5)
26... Qg8 27. Rg1 Ne8 28. Bf3 Rg7 29. Rxg7 (29. Rhg3 $5) 29... Qxg7 30. Qh4 Bb7
31. Rg3 Qf7 32. Bh5 Qf8 33. Bg6 Qg8 34. Rh3 d5 35. exd5 (35. Bxh7 Qg5 $1) 35...
Bxd5+ 36. Kg1 e6 37. Qxh7+ (37. Qg3 Rc7 38. Bxe8 (38. Nxd5 exd5 39. Bxe8 Qxe8
40. Qxc7 Qe1+ 41. Kg2 Qe2+ 42. Kg3 Qe3+ 43. Kg4 Qg5+ 44. Kf3 Qxf5+ 45. Kg2 Qc2+
$10) 38... Rg7 39. Bg6 exf5 40. Rxh7+ Rxh7 41. Bxh7 Kxh7 42. Qxg8+ Bxg8 43. b5
axb5 44. axb5 Be6 45. b6 Bc8 46. Kf2 Kg6 47. Nb5 Ba6 48. Nd6 c3 49. Ke1 Kg5 $10
) 37... Qxh7 38. Rxh7+ Kg8 39. Rd7 Ng7 40. Bf7+ Kh8 41. fxe6 Bxe6 42. Bxe6 Nxe6
43. Rd6 Ng5 44. Rxa6 (44. h4 $5 Nf3+ 45. Kf2 Nxh4 46. Rxf6 Kg7 47. Rxa6 $16)
44... Rd8 45. h4 Nf3+ 46. Kf2 Rd3 47. Ne2 Ne5 48. b5 Rf3+ 49. Kg2 Rb3 50. b6
Kh7 51. Nd4 Rb2+ 52. Kg3 c3 53. Ra7+ Kg6 54. Nb5 c2 55. Rc7 Rb3+ 56. Kf2 Nd3+
57. Kg1 Rb1+ 58. Kh2 Rb2 59. Kg3 Nb4 $1 60. b7 Na6 61. Rc4 Ra2 62. Nc7 Nb8 63.
Nd5 Ra3+ 64. Kf2 Rxa4 65. Rxc2 Rxh4 66. Rc8 Na6 67. Rc6 Rh7 68. Rxf6+ Kg5 69.
Rb6 Kf5 70. Nb4 Nb8 71. Ke3 1/2-1/2

[Event "Interpolis"]
[Site "Tilburg"]
[Date "1992.10.19"]
[Round "4.4"]
[White "Seirawan, Yasser"]
[Black "Ivanchuk, Vassily"]
[Result "0-1"]
[WhiteElo "2605"]
[BlackElo "2720"]
[Annotator "Ribli,Z"]
[PlyCount "116"]
[EventDate "1992.10.08"]
[EventType "k.o."]
[EventRounds "7"]
[EventCountry "NED"]
[SourceTitle "CBM 032"]
[Source "ChessBase"]
[SourceDate "1993.02.01"]
[SourceVersion "1"]
[SourceVersionDate "1993.02.01"]
[SourceQuality "1"]

{Barrage 30'} 1. c4 c5 2. g3 Nc6 3. Bg2 g6 4. Nc3 Bg7 5. a3 d6 6. e3 (6. Nf3
Nh6 7. d3 Nf5 8. Bd2 O-O 9. h4 h5 10. Ng5 Bd7 $13 {Winants,L-Moiseev,V
Nettatal 1992 CBM/28}) 6... Nf6 (6... Bxc3 7. bxc3 Qc7 8. d3 f5 9. Nh3 $14 {
Seirawan,Y-Andersson,U Tilburg1 1990 CBM/20 50/(51)}) 7. Nge2 O-O 8. O-O Rb8 $5
(8... Bf5 9. e4 Bg4 10. f3 Bd7 11. d3 Ne8 12. Be3 Nc7 13. Rb1 a5 14. a4 Ne6 15.
f4 Ned4 16. h3 e6 17. Nb5 $14 {Seirawan,Y-Speelman,J Saint John op m/2 1988
CBM/06 45/52}) 9. b4 (9. Rb1 $5) 9... Bf5 $1 10. d3 cxb4 $1 11. axb4 Nxb4 12.
e4 Bg4 13. Rxa7 Nd7 $13 14. Ra3 Bxc3 $1 15. Rxc3 Na2 16. Rc2 Nxc1 17. Qxc1 Bxe2
$1 18. Rxe2 b5 19. cxb5 Rxb5 20. d4 Qb6 21. Rd1 Rb8 22. Rc2 Rb1 23. Qd2 Rxd1+
24. Qxd1 Nf6 25. h3 e5 26. d5 h5 27. Kh2 Kg7 28. Qd2 Qb4 29. Qe3 Qb6 30. Qa3 (
30. Qd2 $5) 30... Qb4 31. Qa7 Nxe4 32. Rc7 Rf8 33. Rc6 h4 34. g4 Nf6 35. Qe3
Rd8 36. Kg1 Ra8 37. Rb6 Ra1+ 38. Kh2 Qd4 39. g5 Nh7 40. Qxd4 exd4 41. f4 d3 42.
Rb2 Ra4 43. Rd2 Rxf4 44. Rxd3 Nxg5 45. Rb3 f5 46. Rb6 Nf7 47. Rb7 Kf6 48. Kg1
Ne5 49. Rb6 Nc4 50. Rc6 Ke5 51. Rc7 Ne3 52. Re7+ Kd4 53. Bh1 Rf1+ 54. Kh2 g5
55. Rh7 f4 56. Rh5 f3 57. Rxg5 Rxh1+ 58. Kxh1 f2 0-1